| 000 | 004070000a22001570004500 | ||
|---|---|---|---|
| 090 |
_aAR _b00317 |
||
| 245 | 1 | 0 | _aEspecies exóticas en Colombia |
| 650 | 1 | 4 |
_aEspecies nativas _992420 |
| 650 | 1 | 4 |
_aConíferas _910606 |
| 650 | 1 | 4 |
_aEspecies exóticas _993187 |
| 651 | 4 |
_pColombia _992749 |
|
| 041 | 0 | _aEspañol | |
| 100 | 1 |
_aGutiérrez, Millán _993188 |
|
| 942 | _cARTICULO | ||
| 773 | 1 |
_tPreprint _33 _q2-8 _d1990? |
|
| 999 |
_c9415 _d9415 |
||